[Event "CAN-ch U08"]
[Site "Windsor"]
[Date "2015.07.09"]
[Round "7.131"]
[White "Wang, Daniel1"]
[Black "Li, Darwin H"]
[Result "1-0"]
[WhiteElo "890"]
[BlackElo "944"]
[PlyCount "55"]
[EventDate "2015.07.06"]
[EventType "swiss"]
[EventRounds "7"]
[EventCountry "CAN"]
[SourceTitle "EXT 2022"]
[Source "ChessBase"]
[SourceDate "2021.10.06"]
[SourceVersion "1"]
[SourceVersionDate "2021.10.06"]
[SourceQuality "1"]

1. e4 e5 2. Nf3 Nc6 3. Bb5 Nf6 4. 0-0 Bc5 5. Nxe5 Nxe5 6. d4 Bb6 7. dxe5 Nxe4 8. Qe2 c6 9. Bc4 Nc5 10. Qh5 0-0 11. Bg5 Qe8 12. Bf6 gxf6 13. exf6 Kh8 14. b4 Ne6 15. Bd3 Ng5 16. Qxg5 Rg8 17. Qh6 Rxg2+ 18. Kxg2 Qg8+ 19. Kh1 d5 20. Rg1 Bg4 21. Qg7+ Qxg7 22. fxg7+ Kxg7 23. Rxg4+ Kh8 24. Nd2 Bxf2 25. Rf1 f5 26. Bxf5 Be3 27. Rf3 Bxd2 28. Rh3 1-0